Suomen suurimmat puoluejohtajat: Eduskuntavaalien historia - Statistics

Yleistilastot
  • Tätä visaa on pelattu 61 kertaa
  • Keskiarvotulos 42 / 94
Vastaustilastot
Vuosi Puolue Puoluejohtaja % Oikein
2023 1. Kokoomus Petteri Orpo
100%
3. Kokoomus Petteri Orpo
100%
2. Perussuomalaiset Riikka Purra
100%
2. Perussuomalaiset Jussi Halla-Aho
98%
3. SDP Sanna Marin
98%
2019 1. SDP Antti Rinne
94%
2. Perussuomalaiset Timo Soini
94%
3. Perussuomalaiset Timo Soini
94%
2015 1. Keskusta Juha Sipilä
90%
3. Kokoomus Alexander Stubb
88%
2011 1. Kokoomus Jyrki Katainen
83%
2. Kokoomus Jyrki Katainen
83%
2. Keskusta Esko Aho
81%
2. Keskusta Esko Aho
81%
1991 1. Keskusta Esko Aho
81%
2007 1. Keskusta Matti Vanhanen
81%
2. SDP Paavo Lipponen
77%
1999 1. SDP Paavo Lipponen
77%
1995 1. SDP Paavo Lipponen
77%
3. Kokoomus Sauli Niinistö
77%
3. Kokoomus Sauli Niinistö
77%
2003 1. Keskusta Anneli Jäätteenmäki
73%
2. SDP Jutta Urpilainen
71%
1987 1. SDP Kalevi Sorsa
71%
1983 1.SDP Kalevi Sorsa
71%
1979 1. SDP Kalevi Sorsa
71%
3. Keskusta Paavo Väyrynen
71%
3. Keskusta Paavo Väyrynen
71%
3. SDP Väinö Tanner
60%
2. SDP Väinö Tanner
60%
1924 1. SDP Väinö Tanner
60%
1922 1. SDP Väinö Tanner
60%
1919 1. SDP Väinö Tanner
60%
2. Kokoomus Harri Holkeri
58%
3. Keskusta Johannes Virolainen
58%
3. Keskusta Johannes Virolainen
58%
3. Keskusta Johannes Virolainen
58%
3. Keskusta Johannes Virolainen
58%
2. Keskusta Johannes Virolainen
58%
3. SDP Eero Heinäluoma
56%
2. SDP Pertti Paasio
50%
1975 1. SDP Rafael Paasio
50%
1972 1. SDP Rafael Paasio
50%
1970 1. SDP Rafael Paasio
50%
1966 1. SDP Rafael Paasio
50%
3. Kokoomus Ville Itälä
50%
1962 1. Maalaisliitto V. J. Sukselainen
46%
3. Maalaisliitto V. J. Sukselainen
46%
2. Maalaisliitto V. J. Sukselainen
46%
2. Maalaisliitto V. J. Sukselainen
46%
1948 1. Maalaisliitto V. J. Sukselainen
46%
3. Kokoomus Ilkka Suominen
44%
2. Kokoomus Ilkka Suominen
44%
2. Kokoomus Ilkka Suominen
44%
1954 1. SDP Emil Skog
27%
1951 1. SDP Emil Skog
27%
2. SDP Emil Skog
27%
2. Maalaisliitto Santeri Alkio
27%
2. SKDL Ele Alenius
25%
2. SKDL Ele Alenius
25%
2. Kokoomus Juha Rihtniemi
25%
IKL vaaliliitossa Vihtori Kosola
23%
3. Kokoomus Antti Tulenheimo
17%
3. Kokoomus Antti Tulenheimo
17%
3. Kokoomus ja Paavo Virkkunen
17%
3. Kokoomus Paavo Virkkunen
17%
3. RKP Ernst von Born
13%
3. SKDL Kusti Kulo
13%
2. SKDL Kusti Kulo
13%
1958 1. SKDL Kusti Kulo
13%
3. SKDL Kusti Kulo
13%
3. SKDL Kusti Kulo
13%
3. SKDL Kusti Kulo
13%
2. SDP Matti Paasivuori
13%
1927 1. SDP Matti Paasivuori
13%
3. Maalaisliitto Viljami Kalliokoski
13%
3. Kokoomus Hugo Suolahti
10%
2. Maalaisliitto P. V. Heikkinen
10%
2. Maalaisliitto P. V. Heikkinen
10%
2. Maalaisliitto P. V. Heikkinen
10%
2. Maalaisliitto P. V. Heikkinen
10%
1929 1. Maalaisliitto P. V. Heikkinen
10%
2. Maalaisliitto P. V. Heikkinen
10%
2. Maalaisliitto P. V. Heikkinen
10%
2. Maalaisliitto P. V. Heikkinen
10%
3. Kokoomus Kyösti Haataja
8%
3. Kokoomus Kyösti Haataja
8%
1939 1. SDP Kaarlo Harvala
6%
1936 1. SDP Kaarlo Harvala
6%
1933 1. SDP Kaarlo Harvala
6%
1930 1. SDP Kaarlo Harvala
6%
1945 1. SDP Onni Hiltunen
6%
3. Kokoomus Pekka Pennanen
6%
2. SKDL Cay Sundström
2%
Ehtoja vastaavia visoja ei löytynyt
Tulosjakauma
Jokaisen tuloksen saaneiden osuus
Persentiili vastausten määrän mukaan
Tuloshistoriasi
Et ole pelannut tätä visaa